000 00773nam a2200241 i 4500
001 113589
003 ES-MaACL
005 20250829124027.0
007 t|
008 061121s1974 sp |||| | spa d
080 _a37.011
100 1 _aPacios López, Arsenio.
_988152
245 1 0 _aOntología de la educación /
_cArsenio Pacios.
250 _a2ª ed. aum.
260 _aMadrid :
_bInstituto de Pedagogía "San José de Calasanz",
_c1974.
300 _aXVI, 276 p. ;
_c20 cm.
490 1 _aFilosofía de la educación ;
_v3
650 4 _aEducación-
_xFilosofía.
_912079
710 2 _aInstituto San José de Calasanz de Pedagogía
_9163009
830 0 _aFilosofía de la educación ;
_v3
_9233201
852 _aES-MaACL
_jE-7783
999 _c113589
_d113589